| 000 | 00660nam a22001937a 4500 | ||
|---|---|---|---|
| 005 | 20230710030950.0 | ||
| 008 | 230131b |||||||| |||| 00| 0 eng d | ||
| 020 | _a978-971-9654-22-3 | ||
| 082 | _aFil. 658.2 Se487 2016 | ||
| 100 |
_aSerrano, Angelita C. _eauthor |
||
| 245 |
_aFacilities planning and management / _cProf. Angelita Ong Camilar-Serrano |
||
| 260 |
_aManila: _bUnlimited Books Library Services & Publishing, _cc2016. |
||
| 300 | _aviii, 212p. | ||
| 504 | _aIncludes bibliographies | ||
| 541 | _e5950 c.1, 5951 c.2, 5952 c.3 | ||
| 650 | _aFacility management | ||
| 650 | _aFactories - Design and construction | ||
| 650 | _aProduction planning | ||
| 999 |
_c750 _d750 |
||